000
00257nam a22001217a 4500
008
180927b xxu||||| |||| 00| 0 eng d
041
_a
eng
080
_a
150.0
100
_a
47
101
_a
PSI
245
_a
Child Development
_c
BoyceTH
942
_2
udc
_c
BK
999
_c
48618
_d
48618